|
|
|
|
| LEADER |
00000nam0a2200000 4500 |
| 001 |
164645 |
| 005 |
20231101222509.0 |
| 010 |
|
|
|a 9785922110365
|
| 035 |
|
|
|a (RuTPU)RU\TPU\book\178619
|
| 090 |
|
|
|a 164645
|
| 100 |
|
|
|a 20090909d2009 m y0rusy50 ca
|
| 101 |
0 |
|
|a rus
|
| 102 |
|
|
|a RU
|
| 105 |
|
|
|a a j 001zy
|
| 200 |
1 |
|
|a Уравнения математической физики
|e учебное пособие
|f А. М. Ильин
|
| 210 |
|
|
|a Москва
|c Физматлит
|d 2009
|
| 215 |
|
|
|a 192 с.
|c ил.
|
| 225 |
1 |
|
|a Математика и прикладная математика
|
| 320 |
|
|
|a Библиогр.: с. 189.
|
| 330 |
|
|
|a В книге рассмотрены краевые задачи для основных дифференциальных уравнений в частных производных второго порядка, изучение которых отвечает программе курса уравнений математической физики на факультетах математики и прикладной математики университетов. Основная часть изложения посвящена исследованию классических решений, обладающих достаточной гладкостью. Однако, для гиперболических и параболических уравнений рассмотрены и обобщенные решения краевых задач. К не вполне традиционным разделам относятся более подробное исследование систем дифференциальных уравнений, начальная задача для систем, корректных по Петровскому, и связанная с этим краткая теория преобразования Фурье. Книга рассчитана на студентов старших курсов классических и технических университетов, а также на математиков разных специальностей.
|
| 606 |
1 |
|
|a Математическая физика
|2 stltpush
|3 (RuTPU)RU\TPU\subj\41221
|9 61028
|
| 610 |
1 |
|
|a уравнения
|
| 610 |
1 |
|
|a дифференциальные уравнения с частными производными
|
| 610 |
1 |
|
|a уравнения гиперболического типа
|
| 610 |
1 |
|
|a уравнение малых колебаний струны
|
| 610 |
1 |
|
|a теплопроводность
|
| 610 |
1 |
|
|a преобразование Фурье
|
| 610 |
1 |
|
|a корректность по Адамару
|
| 610 |
1 |
|
|a задачи Коши
|
| 610 |
1 |
|
|a волновые уравнения
|
| 610 |
1 |
|
|a эллиптические уравнения
|
| 610 |
1 |
|
|a гиперболические системы
|
| 610 |
1 |
|
|a учебные пособия
|
| 675 |
|
|
|a 53:51(076.8)
|v 3
|
| 700 |
|
1 |
|a Ильин
|b А. М.
|g Арлен Михайлович
|
| 801 |
|
1 |
|a RU
|b 63413507
|c 20090909
|
| 801 |
|
2 |
|a RU
|b 63413507
|c 20150513
|g RCR
|
| 900 |
|
|
|a Уравнения математической физики
|
| 900 |
|
|
|a Методы математической физики
|
| 900 |
|
|
|a Теория физических полей
|
| 942 |
|
|
|c BK
|
| 951 |
|
|
|b 010500
|b 010501
|
| 959 |
|
|
|a 92/20090909
|d 5
|e 0
|f АНЛ:1
|f ЧЗТЛ:1
|f УФ:3
|